Planes generales : manual de los estudios económico - financieros / [redactor: Javier Russinés Torregrosa ; director facultativo: Emilio Casals Peralta] manual de los estudios económico - financieros / [redactor:
ISBN:
84-7433-295-8
Publicado:
[Madrid] :
Ministerio de Obras Públicas y Urbanismo, Dirección General de Acción Territorial y Urbanismo, DL 1984
Descripción Física:
89 p. ; 30 cm
Otros Autores:
Espanya. Dirección General de Acción Territorial y Urbanismo
MARC
| LEADER | 00000nam a2200000Ia 4500 | ||
|---|---|---|---|
| 001 | 14297 | ||
| 008 | 160829s9999 xx 000 0 cat d | ||
| 020 | |a 84-7433-295-8 | ||
| 080 | |a B-2-14 | ||
| 100 | |a Russinés Torregrosa, Javier |9 25599 | ||
| 245 | |a Planes generales : |b manual de los estudios económico - financieros / [redactor: |b Javier Russinés Torregrosa ; director facultativo: |b Emilio Casals Peralta] | ||
| 260 | |a [Madrid] : |b Ministerio de Obras Públicas y Urbanismo, Dirección General de Acción Territorial y Urbanismo, DL 1984 | ||
| 300 | |a 89 p. ; |c 30 cm | ||
| 590 | |a Conté diferents models de taules per a la confecció d'estudis econòmics financers referits a urbanisme | ||
| 650 | |a Urbanisme |x Finançament |x Espanya |9 25600 | ||
| 650 | |a Inversions públiques |x Finançament |x Espanya |9 25601 | ||
| 700 | |a Espanya. Dirección General de Acción Territorial y Urbanismo |9 25603 | ||
| 901 | |a Arxiu | ||
| 942 | |n 1 | ||
| 952 | |0 0 |1 0 |4 0 |6 B214 |7 1 |9 43697 |a Arxiu |b Arxiu |d 2016-12-01 |l 0 |o B-2-14 |p 14297 |r 2016-12-01 00:00:00 |w 2016-12-01 |y ARXIU | ||
| 999 | |c 46245 |d 46245 | ||